LEADER 01040nas 2200397 c 450 001 996203310103316 005 20221107142712.0 011 $a2419-7556 035 $a(CKB)1000000000526921 035 $a(OCoLC)473527408 035 $a(DE-101)026538717 035 $a(DE-599)ZDB2163370-8 035 $a(EXLCZ)991000000000526921 100 $a20041006b17971798 |y | 101 0 $afre 135 $aur||||||||||| 181 $ctxt$2rdacontent 182 $cc$2rdamedia 183 $acr$2rdacarrier 200 00$aJournal de l` Armee d` Angleterre 210 31$aParis$cImprimerie Lerigat$d1797-1798 215 $aOnline-Ressource 300 $aGesehen am 14.02.12 311 $a0249-0536 517 $aJournal de l´ Armee d´ Angleterre 608 $aZeitschrift$2gnd-content 676 $a900 676 $a910 676 $a940 801 0$b0355 801 1$bDE-101 801 2$b9001 906 $aJOURNAL 912 $a996203310103316 996 $aJournal de l` Armee d` Angleterre$92054144 997 $aUNISA LEADER 01084nam0 22003011i 450 001 UON00486839 005 20231205105314.461 010 $a88-11-59993-8 100 $a20180316d1997 |0itac50 ba 101 $aita 102 $aIT 105 $a|||| ||||| 200 1 $aEscatologia occidentale$fJacob Taubes$gprefazione di Michele Ranchetti 210 $aMilano$cGarzanti$d1997 215 $a303 p.$d21 cm. 410 1$1001UON00067700$12001 $aSaggi Blu 606 $aRELIGIONE E FILOSOFIA$3UONC025630$2FI 620 $aIT$dMilano$3UONL000005 676 $a236$cEscatologia$v21 700 1$aTaubes$bJacob$3UONV137372$0168572 702 1$aRANCHETTI$bMichele$3UONV138832 712 $aGarzanti$3UONV245790$4650 801 $aIT$bSOL$c20250606$gRICA 899 $aSIBA - SISTEMA BIBLIOTECARIO DI ATENEO$2UONSI 912 $aUON00486839 950 $aSIBA - SISTEMA BIBLIOTECARIO DI ATENEO$dSI FS 06663 $eSI FP 12989 5 996 $aAbendländische Eschatologie$948872 997 $aUNIOR